=LDR 00000nam 2200000 4500 =001 INLIS000000000008711 =005 20130612100539 =008 ***********************************Ind** =035 ##$$0010-061300000008711 =041 ##$$a Ind =082 ##$$a 658.15 =090 ##$$a 658.15, Wes m /Jil.2 =100 ##$$a Weston, J.Frid =245 ##$$a Manejemen Keuangan, J.fred Weston; Ali Babasa, Drs.A.Jaka Wasana MSM =260 ##$$a 1997 $b Jakarta =300 ##$$a 736 hlm, ilus, 22 cm =650 ##$$a Manajemen Keuangan =700 ##$$a Wasana MSM, A. Jaka